| 000 | 00396 a2200121 4500 | ||
|---|---|---|---|
| 001 | ART_46619 | ||
| 005 | 20260410161606.0 | ||
| 008 | 260409a | ||
| 245 | 1 | 0 | _aTratamiento de la normativa contable de los costos por préstamos |
| 100 | 1 | _aFaccendini, Yanina C. | |
| 700 | 1 | _aOubiña, Gabriel H. | |
| 773 | 0 |
_tProfesional & Empresaria _g- Año XIX, Nº 225 (jun. 2018) _wREV70 |
|
| 999 |
_c10217 _d10217 |
||